00363nam a2200121 a 45000010005000000030005000050050017000100080041000270400020000681000027000882450106001152600020002211227CDMR20130312182349.0130130s1973||||||||||||||||||||||||||||d aCDMRbcatcCDMR1 aPlaya Montaner, José10aEstocolm, 1912 - Roma, 1960. cJosé Playa Montanerb: estudio de los JJOO en "El Correo Catalán" aBarcelonac1973